| 000 | 01216nam0a22002891 4500 | ||
|---|---|---|---|
| 001 | RU\INGAK2\INFOCOMM_327\NLR\5000029933 | ||
| 005 | 20260407071508.0 | ||
| 035 | _a(NLR Aleph) 011041858 | ||
| 090 |
_a13328918 _c13328918 |
||
| 100 | _a20130213d1949 |||y0rusy50 ca | ||
| 101 | 0 | _ahun | |
| 102 | _aUA | ||
| 105 | _ay z|||| | ||
| 200 | 1 |
_aA Nagy Októberi szocialista forradalom 32. évfordulója _eA Moszkvai szovjet 1949 november 6-iki ünnepi ülésén megtartott beszéd |
|
| 210 |
_aUzshorod _cKönyves újságkiadó _d1949 |
||
| 215 |
_a32 с. _cпортр. _d20 см |
||
| 300 | _aНа последней с.: 32-ая годовщина Великой Октябрьской социалистической революции | ||
| 517 | 1 |
_a32-ая годовщина Великой Октябрьской социалистической революции _zrus |
|
| 620 | _aУжгород | ||
| 686 |
_aТ3(2)7,021"32-Я" _2rubbk |
||
| 686 |
_aТ3(2)723-601.1 _2rubbk |
||
| 700 | 1 |
_7ba _8rus _aMalenkov _bG. M. _f1902-1988 _gGeorgij Maksimilianovič _3RU\NLR\AUTH\770278824 _92650791 |
|
| 801 | 1 |
_aRU _bInfoComm _c20130213 |
|
| 801 | 0 |
_aRU _bNLR _gPSBO |
|
| 852 |
_aNLR _jИр51 Г-4/197 |
||
| 942 | _cBOOK | ||
| 980 | _aNB | ||